| Tag |
First Indicator |
Second Indicator |
Subfields |
| LEADER |
00000cam a22000001a 4500 |
| 001 |
in00003371663 |
| 006 |
m d f |
| 007 |
cr bn mmmapmmp |
| 008 |
100703s1992 dcu o f000 0 eng d |
| 005 |
20260430172712.3 |
| 035 |
|
|
|a cis2007885303
|
| 040 |
|
|
|a ProQuest
|c ProQuest
|d UtOrBLW
|
| 043 |
|
|
|a n-us---
|
| 099 |
|
|
|a CRS-1992-ECN-0049
|
| 110 |
2 |
|
|a Library of Congress.
|b Congressional Research Service.
|
| 245 |
1 |
0 |
|a Merchandise Trade, Jobs, and the U.S. Economy.
|
| 264 |
|
1 |
|a [Place of publication not identified] :
|b [publisher not identified],
|c 1992.
|
| 300 |
|
|
|a 1 online resource.
|
| 336 |
|
|
|a text
|b txt
|2 rdacontent
|
| 337 |
|
|
|a computer
|b c
|2 rdamedia
|
| 338 |
|
|
|a online resource
|b cr
|2 rdacarrier
|
| 500 |
|
|
|a Record is based on bibliographic data in ProQuest U.S. Congressional Research Digital Collection (last viewed July 2010). Reuse except for individual research requires license from ProQuest, LLC.
|
| 500 |
|
|
|a CRS Report.
|
| 520 |
|
|
|a Discusses the effects of foreign trade on U.S. employment, economic growth, capital flows, and competitiveness.
|
| 500 |
|
|
|a Electronic resource.
|
| 650 |
|
0 |
|a Competition.
|
| 650 |
|
0 |
|a Investments, Foreign.
|
| 650 |
|
0 |
|a International trade.
|
| 655 |
|
7 |
|a Electronic books.
|2 local
|
| 710 |
2 |
|
|a ProQuest (Firm)
|
| 776 |
0 |
8 |
|i Microfiche version:
|a Library of Congress. Congressional Research Service.
|t Merchandise Trade, Jobs, and the U.S. Economy
|
| 830 |
|
0 |
|a U.S. Congressional Research.
|
| 856 |
4 |
0 |
|u http://proxy.library.tamu.edu/login?url=https://congressional.proquest.com/congcomp/getdoc?CRDC-ID=CRS-1992-ECN-0049
|z Connect to the full text of this electronic book
|t 0
|
| 999 |
|
|
|a MARS
|
| 999 |
f |
f |
|s 6b52e751-7ca8-3681-8f2e-5193de4c6b49
|i 7997a305-db6f-3553-acaf-5f579226d98a
|t 0
|
| 952 |
f |
f |
|a Texas A&M University
|b College Station
|c Electronic Resources
|s www_evans
|d Available Online
|t 0
|e CRS-1992-ECN-0049
|h Other scheme
|
| 998 |
f |
f |
|a CRS-1992-ECN-0049
|t 0
|l Available Online
|